En las redes de Broadway / (Record no. 130955)

MARC details
000 -LEADER
campo de control de longitud fija 00550nam a2200181 i 4500
001 - NÚMERO DE CONTROL
campo de control 130955
003 - IDENTIFICADOR DE NÚMERO DE CONTROL
campo de control ES-MaACL
007 - CAMPO FIJO DE DESCRIPCIÓN FÍSICA--INFORMACIÓN GENERAL
campo de control de longitud fija t|
008 - DATOS DE LONGITUD FIJA--INFORMACIÓN GENERAL
campo de control de longitud fija 070813s1953 sp ||||1| spa d
100 1# - ENTRADA PRINCIPAL--NOMBRE DE PERSONA
Nombre de persona Wodehouse, P. G.,
Fechas asociadas al nombre 1881-1975
9 (RLIN) 117205
245 10 - MENCIÓN DEL TÍTULO
Título En las redes de Broadway /
Mención de responsabilidad, etc. P. G. Wodehouse ; [traducción de Luis Conde Vélez].
250 ## - MENCION DE EDICION
Mención de edición 1ª ed.
260 ## - PUBLICACIÓN, DISTRIBUCIÓN, ETC.
Lugar de publicación, distribución, etc. Barcelona :
Nombre del editor, distribuidor, etc. Bruguera,
Fecha de publicación, distribución, etc. 1953.
300 ## - DESCRIPCIÓN FÍSICA
Extensión 222 p. ;
Dimensiones 19 cm.
700 1# - ENTRADA AGREGADA--NOMBRE PERSONAL
Nombre de persona Conde Vélez, Luis.
9 (RLIN) 40133
852 ## - LOCALIZACIÓN
Ubicación ES-MaACL
Número de control de estantería C-6480
Sublocalización o colección R.35271
Holdings
Estatus retirado Estado de pérdida Estado de daño No para préstamo Biblioteca de origen Biblioteca actual Ubicación en estantería Fecha de adquisición Fuente de adquisición Total de préstamos Signatura topográfica completa Código de barras Visto por última vez Precio de reemplazo Tipo de ítem Koha
        Biblioteca del Ateneo de Madrid Biblioteca del Ateneo de Madrid Sala Palomar 17/01/2008     C-6480 1136341 23/02/2023 23/02/2023 Libro impreso